Statistiques concernant meilleurs buteurs grands championnats 2021-2022

Cliquez ici pour prendre le quiz!

Statistiques générales

  • Ce quiz a été pris 147 fois
  • Le résultat moyen est 28 sur 70

Statistiques - réponses

EquipeRéponseButs% Correct
TottenhamHarry Kane17
99%
Real MadridKarim Benzema27
97%
LiverpoolMohamed Salah23
96%
LiverpoolSadio Mane16
92%
Manchester UnitedCristiano Ronaldo18
90%
TottenhamHeung-Min Son23
90%
Bayern MunichRobert Lewandowski35
90%
PSGKylian Mbappe28
86%
LeicesterJamie Vardy15
85%
Real MadridVinicius Junior17
80%
PSGNeymar13
79%
MonacoWissam Ben Yedder25
78%
DortmundErling Haaland22
75%
LeipzigChristopher Nkunku20
73%
Manchester CityKevin De Bruyne15
73%
LazioCiro Immobile27
72%
LyonMoussa Dembele21
71%
Celta VigoIago Aspas18
69%
RennesMartin Terrier21
63%
InterLautaro Martinez21
62%
OMDimitri Payet12
61%
LoscJonathan David15
61%
JuventusDusan Vlahovic24
60%
Crystal PalaceWilfried Zaha14
57%
Bayern MunichSerge Gnabry14
56%
Manchester CityRaheem Sterling13
55%
NapoliVictor Osimhen14
53%
LeverkusenMoussa Diaby13
51%
RennesGaëtan Laborde15
49%
NiceAndy Delort18
48%
LiverpoolDiogo Jota15
48%
ClermontMohamed Bayo14
46%
RomaTommy Abraham17
40%
SassuoloDomenico Berardi15
38%
BenficaDarwin Nunez26
37%
BarceloneMemphis Depay12
35%
PortoLuis Diaz14
34%
Bayer LeverkusenPatrick Schick24
34%
AjaxSebastian Haller21
34%
Deportivo AlavesJoselu14
33%
KölnAnthony Modeste20
26%
AjaxDusan Tadic13
25%
PortoMehdi Taremi20
23%
Atletico MadridAngel Correa12
21%
Hellas VeroneGiovanni Simeone17
18%
EspanyolRaul De Tomas17
17%
SassuoloGianluca Scamacca16
13%
PSVCody Gakpo12
12%
GetafeEnes Ünal16
10%
BolognaMarko Arnautovic14
10%
LevanteMorales13
10%
M'glabdachJonas Hofmann12
7%
VitesseLoïs Openda18
7%
Real BetisJuanmi16
6%
FamilicaoSimon Banza14
6%
PortoEvanilson14
5%
UdineseGerard Deulofeu13
5%
SportingPablo Sarabia15
4%
AZVangelis Pavlidis16
4%
Gil VicenteFran Navarro16
3%
WolfsburgMax Kruse12
3%
Union BerlinTaiwo Awoniyi15
2%
AZJesper Karlsson15
1%
GroningenJorgen Strand Larsen14
1%
VitoriaOscar Estupinan15
1%
TwenteRicky Van Wolfswinkel16
1%
FeynoordBryann Linssen13
0%
FeynoordGuus Til15
0%
BragaRicardo Horra19
0%
Gil VicenteSamuel Lino12
0%

Distribution des résultats

Percentile par nombre de réponses

% des personnes avec chaque résultat

Votre développement - résultats

Vous n’avez pas pris ce quiz